LEADER 01678nam0-2200397---450- 001 990009124620403321 005 20151022123645.0 035 $a000912462 035 $aFED01000912462 035 $a(Aleph)000912462FED01 035 $a000912462 100 $a20091204d1674----km-y0itay50------ba 101 0 $aita 102 $aIT 105 $ay-------001yy 200 1 $a<>cannocchiale aristotelico, o sia, Idéa dell'arguta et ingegnosa elocutione, che serue a tutta l'arte oratoria, lapidaria, et simbolica. Esaminata co' principii del diuino Aristotele, dal conte D. Emanuele Tesauro [...] 205 $aSesta impressione. Accresciuta dall'autore di due nuoui trattati, cioe, De' concetti predicabili, & degli emblemi. Con un nuouo indice alfabetico, oltre a quello delle materie 210 $aIn Venetia$cpresso Paolo Baglioni$d1674 215 $a[20], [493], [19] p.$cantip. e 1 ritr. calcogr.$d22 cm 300 $aTit. dell'occhietto: Il cannocchiale aristotelico, del conte D. Emanuele Tesauro 300 $aMarca (O308) sul front 300 $aSegn.: a10 A-2I8 300 $aRitr. dell'A. a c. a10v sottoscritto: Carolus Dibhinus delineauit e Jo. Georgi sculps 517 1 $a<>cannocchiale aristotelico del conte D. Emanuele Tesauro. 620 $dVenezia 676 $a850$v22 700 1$aTesauro,$bEmanuele$f<1592-1677>$0154551 702 1$aDibhinus,$bCarolus$c 702 1$aGeorgi,$bGiovanni$c 702 1$aBaglioni,$bPaolo$f<1606- ;$ceditore> 801 0$aIT$bUNINA$gRICA$2UNIMARC 901 $aAQ 912 $a990009124620403321 952 $aSG 850/B 85$bbibl. 42449$fFLFBC 959 $aFLFBC 997 $aUNINA LEADER 01369nam--2200361---450- 001 990006141260203316 005 20160418120015.0 010 $a978-88-8086-777-7 035 $a000614126 035 $aUSA01000614126 035 $a(ALEPH)000614126USA01 035 $a000614126 100 $a20120710d2008----km-y0itay50------ba 101 0 $aita 102 $aIT 105 $aa|||z|||001yy 200 1 $a<> coselline di un ometto curioso ˜$el'œidea per fare le gallerie universali di tutte le cose del mondo, naturali, artificiali e miste$fMaurizio di Gregorio$ga cura di Daniela Caracciolo$gnota filologica di Girolamo de Miranda 210 $a[Galatina]$cCongedo$d2008 215 $a226 p.$cill.$d24 cm 225 2 $aSaggi e testi$fUniversità del Salento, Dipartimento dei beni delle arti e della storia$v38 410 0$12001$aSaggi e testi$fUniversità del Salento, Dipartimento dei beni delle arti e della storia$v38 676 $a709.45731 700 1$aDI GREGORIO,$bMaurizio$f$0628100 702 1$aCARACCIOLO,$bDaniela 702 1$aDE MIRANDA,$bGirolamo 801 0$aIT$bsalbc$gISBD 912 $a990006141260203316 951 $aXII.3.D. 232$b251751 L.M.$cXII.3.$d387900 959 $aBK 969 $aUMA 979 $aANNAMARIA$b90$c20160418$lUSA01$h1200 996 $aLe coselline di un ometto curioso$91489683 997 $aUNISA